000 00716nam a2200277Ia 4500
001 2945
005 20240113233603.0
007 ta
008 050321s2006 a g b000 u eng u
020 _ao-19-280198-8
040 _aCotton College,Assam
041 _aeng
082 _a921
_bWo 89 Ro
100 _aWokler, Robert .
245 0 _aRousseau: A very Short Introduction /
_cRobert Wokler.
_hTextual Documents
250 _a1st ed /
260 _aOxford :
_bOxford University Press ,
_c2006.
300 _a171 :
_bill. ;
_c18 cm. .
504 _aIndex
653 _aBiography
653 _aG-Biography
942 _2ddc
_cBK
999 _c2933
_d2933